Elementos de Historia de México para las escuelas primarias. Tercer ciclo.

Gespeichert in:
Bibliographische Detailangaben
1. Verfasser: Escudero Hidalgo, Francisco.
Format: keine Angabe
Sprache:Spanisch
Erschienen: Bouret 1920
Katalog:MANES:  Suchergebnis im Bibliothekskatalog
Schulbuchspezifische Eigenschaften:
Tags: Tag hinzufügen
Keine Tags, Fügen Sie den ersten Tag hinzu!
Hinzugefügt zu:26.04.2016

MARC

LEADER 000000000a22000000004500
001 40077
003 OSt
008 160427s1920 mx ||||| |||| 00| 0 spa d
041 |a spa 
100 1 |a Escudero Hidalgo, Francisco.  |9 16926 
245 0 0 |a Elementos de Historia de México para las escuelas primarias. Tercer ciclo. 
260 3 |b  Bouret  |c 1920 
300 |a 273 p.  |c 19 cm 
500 |a Aparece en: Francisco Ziga, "Bibliografía Pedagógica. Libros de texto para enseñanza primaria:1850-1970 V. Libros de Historia" en Boletín del Instituto de Investigaciones Bibliográficas 1981-1982, Biblioteca Nacional, Hemeroteca Nacional, Universidad Nacional Autónoma de México, Nos. 18 - 19, p. 85. 
598 |a Ilustraciones, maps 
690 7 |a HI 
691 7 |a PRI 
942 |2 ddc  |c BK 
546 |a México 
999 |c 34039  |d 34039 
999 |c manes:34039  |d 34039